1033 1258 1116 1532 1293 1193 1558 1644 1376 1329 1306 1629 1770 1308 1342 1461 1661 1729 1675 1454 1404 1170 1839 1406 1678 1673 1984 1404 1878 1897 1145 1597 1077 1584 1588 1721 1685 1955 1706 1739 1096 1367 1712 1834 1482 1811 1088 1435 1734 1918 1056 1313 1530 1264 1628 1619 1413 1804 1757 1715 1367 1868 1933 1621 1320 1987 1177 1117 1567 1944 1385 1919 1548 1924 1360 1544 1163 1183 1713 1762 1343 1410 1047 1228 1911 1810 1733 1093 1451 1585 1656 1538 1539 1916 1525 1285 1426 1388 1223 BCNSPRNW ULIB Ver.6.0+V

เปลี่ยนเป็นภาษาไทย

Change to English
 แสดงรายละเอียดบรรณานุกรม
  กลับหน้าหลัก

Brief Record : Get Marc (ISO 2709) : E-mail record : QR code < ปิดหน้าต่าง
LEADER : 00000nam 2200000uu 4500
001    13399123006
003     ULIB
008    131128s2555||||th 000 0 tha d
020    ^a9786162142451
090    ^aนว.^bพ656พ ล.5
100    ^aพนมเทียน
245    ^aเพชรพระอุมา : ดงมรณะ ล.1 /^cพนมเทียน
250    ^a พิมพ์ครั้งที่ 5
260    ^aกรุงเทพฯ :^bณ บ้านวรรณกรรม,^c2555
300    ^a417 หน้า
945    ^p225^l0^i034209
999    ^aเกษร โพธิ์สุวรรณ
รายการนี้ยังไม่มีแท็ก
คุณยังไม่ได้ล็อกอิน คุณสามารถมีกิจกรรมร่วมกับเว็บไซต์ได้ แต่ต้องล็อกอินก่อน ::
  ล็อกอิน

รายการสื่อสารสนเทศ

ลำดับที่ ประเภท เลขเรียก/บาร์โค้ด สถานที่ สถานะ
1. นวนิยาย
นวนิยาย
นว. พ656พ ล.5  
  Barcode: 034209
ห้องสมุดวิทยาเขตสวรรค์ประชารักษ์
►นวนิยาย
บนชั้น
  ขอยืม

รายการใกล้เคียง
    ผู้แต่ง [พนมเทียน]

BibComment


ยังไม่เคยถูกคอมเมนท์

คอมเมนท์ทรัพยากรรายการนี้
  คอมเมนท์: เพชรพระอุมา ดงม..


 Copyright 2026. Bcnsprnw @Library